| 000 | 01356cam a2200337 a 4500 | ||
|---|---|---|---|
| 001 | 16267385 | ||
| 003 | OSt | ||
| 005 | 20150408114102.0 | ||
| 008 | 100604s2011 ohua b 001 0 eng | ||
| 010 | _a 2010930107 | ||
| 020 | _a9780324789423 | ||
| 020 | _a9780324789416 (hbk.) | ||
| 040 |
_aDLC _cDLC |
||
| 042 | _apcc | ||
| 050 | 0 | 0 |
_aHF5635 _b.S857 2011 |
| 082 |
_222 _a657 _bW J F |
||
| 100 | 1 |
_aWahlen, James M. _917808 |
|
| 245 | 1 | 0 |
_aFinancial reporting, financial statement analysis, and valuation : _ba strategic perspective / _cJames M. Wahlen, Stephen P. Baginski, Mark T. Bradshaw. |
| 250 | _a7th ed. | ||
| 260 |
_aMason, OH : _bSouth-Western Cengage Learning, _cc2011. |
||
| 300 |
_axxx, 1261 p. : _bill. ; _c26 cm. |
||
| 500 | _aRev. ed. of: Financial reporting, financial statement analysis, and valuation : a strategic perspective / Clyde P. Stickney, Paul R. Brown, James M. Wahlen. 6th ed. | ||
| 504 | _aIncludes bibliographical references and index. | ||
| 650 | 0 | _aAccounting. | |
| 650 | 0 |
_aFinancial statements. _917809 |
|
| 700 | 1 |
_aBaginski, Stephen P., _d1957- _917810 |
|
| 700 | 1 |
_aBradshaw, Mark T. _917811 |
|
| 700 | 1 |
_aStickney, Clyde P., _d1944- _tFinancial reporting, financial statement analysis, and valuation. _917812 |
|
| 942 |
_2ddc _cBOOK |
||
| 999 |
_c26212 _d260712 |
||